Наруто. Кн. 15: Хранитель правды (Запись № 13259291)
[ простой вид ]
| 000 -МАРКЕР | |
|---|---|
| контрольное поле | 01338nam2a2200265 4500 |
| 001 - ИДЕНТИФИКАТОР ЗАПИСИ | |
| контрольное поле | RU\NLR\BIBL_A\022345646 |
| 005 - ИДЕНТИФИКАТОР ВЕРСИИ | |
| контрольное поле | 20241101173040.0 |
| 010 ## - МЕЖДУНАРОДНЫЙ СТАНДАРТНЫЙ НОМЕР КНИГИ (ISBN) | |
| Номер (ISBN) | 978-5-389-25471-8 |
| Тираж | 12000 |
| 021 ## - НОМЕР ГОСУДАРСТВЕННОЙ РЕГИСТРАЦИИ | |
| Код страны | Российская Федерация |
| Номер | АЛ-П-24-00725и |
| Номер Листа государственной регистраци | АЛ-П-24-0154 |
| 035 ## - ДРУГИЕ СИСТЕМНЫЕ НОМЕРА | |
| Идентификатор записи | (NLR Aleph) 022345646 |
| 100 ## - ДАННЫЕ ОБЩЕЙ ОБРАБОТКИ | |
| Данные общей обработки | 20241008d2023 u y0rusy50 ca |
| 101 1# - ЯЗЫК РЕСУРСА | |
| Язык текста, звукозаписи и т.д. | русский |
| Язык оригинала | японский |
| 102 ## - СТРАНА ПУБЛИКАЦИИ ИЛИ ПРОИЗВОДСТВА | |
| Страна публикации | Российская Федерация |
| 105 ## - ПОЛЕ КОДИРОВАННЫХ ДАННЫХ: ТЕКСТОВЫЕ МАТЕРИАЛЫ, МОНОГРАФИЧЕСКИЕ | |
| Кодированные данные о монографическом текстовом документе | a t 000ay |
| 200 1# - ЗАГЛАВИЕ И СВЕДЕНИЯ ОБ ОТВЕТСТВЕННОСТИ | |
| Основное заглавие | Хранитель правды |
| Первые сведения об ответственности | [пер. с яп. Д. Шлобин] |
| 210 ## - ПУБЛИКАЦИЯ, РАСПРОСТРАНЕНИЕ И ДР. | |
| Дата издания, распространения и т.д. | 2023 |
| 215 ## - ФИЗИЧЕСКАЯ ХАРАКТЕРИСТИКА | |
| Специфическое обозначение материала и объем | 614, [9] с. |
| Другие сведения о физической характеристике | ил. |
| 327 1# - ПРИМЕЧАНИЯ О СОДЕРЖАНИИ | |
| Текст примечания | Содерж.: Т. 43: Хранитель правды; Т. 44: Обучение сэндзюцу!..; Т. 45: Поле битвы - Листва!!! |
| 461 #0 - УРОВЕНЬ НАБОРА | |
| Встроенное поле | 001RU\NLR\BIBL_A\012568078 |
| -- | 2001#$aНаруто$e[манга]$fМасаси Кисимото$g[перевод с японского Екатерины Рябовой, Наталии Саватюгиной]$vКн. 15 |
| -- | 700#1$aКисимото$bМ.$gМасаси$3RU\NLR\AUTH\7784335 |
| Системный номер (АБИС) связанной записи | 12482229 |
| Автор | Кисимото, М. (1974-) |
| Место публикации | Санкт-Петербург [и др.] |
| Дата публикации | 2021- |
| Первые сведения об ответственности | Масаси Кисимото |
| Имя издателя, распространителя и т.д. | Азбука [и др.] |
| Сведения, относящиеся к заглавию | [манга] |
| Заглавие | Наруто |
| Номер тома | Кн. 15 |
| 942 ## - ДОПОЛНИТЕЛЬНЫЕ ЭЛЕМЕНТЫ ЗАПИСИ (АБИС) | |
| Тип экземпляра АБИС | Книга |
| 980 ## - КОЛЛЕКЦИЯ | |
| Название коллекции | Национальная библиография |
| Тип экземпляра | Дата поступления | Источник поступления | Стоимость | Библиотека постоянного хранения | Библиотека текущего хранения | Место хранения | Шифр хранения | Штрих-код | Статус экземпляра |
|---|---|---|---|---|---|---|---|---|---|
| Книга | 08.10.2024 | Обязательный экземпляр | 0.00 | РНБ (Московский) | РНБ (Московский) | Русский книжный фонд: издания с 1957 года | 2021-3/17094 | 1-4501423 | |
| Книга | 08.10.2024 | Обязательный экземпляр | 0.00 | РНБ (Московский) | РНБ (Московский) | Обменный фонд | 1-4501422 |